000 00702nam a2200217Ia 4500
001 17607
003 GE_BSU
008 181216s||||||||xx |||||||||||||| ||und||
040 _cGE_BSU
080 _a821.353.1-32
100 _aკობიძე,რამაზ
245 _aთეთრკაბიანი გოგონა
245 _bმოთხრობები
245 _cრედ.:ნათელა ლორთქიფანიძე;მხატვ.:ო.ჯიშკარიანი
260 _aთბილისი
260 _bნაკადული
260 _c1985
300 _a110გვ.;20სმ.
653 _aმოთხრობები
942 _cBK
999 _c50656
_d50656